00710nam a2200205 a 45000010005000000030005000050050017000100080041000270160044000680200015001120400026001272450153001532600036003063000027003424900020003696500040003896500027004297000027004567000021004834384CDMR20211201115525.0130130s1999||||||||||||||||||||||||||||d 2Biblioteca de CatalunyaaDL B13091-1999 a8482641778 aCDMRbcatcCPC GIRONA03aEl món en minut i migb: una experiència de periodisme internacional a la televisiócJordi Ferrerons ... [et al.] ; pròleg de Josep Ramoneda aBarcelona: bLa Magrana, c1999 a265 pàgines; c20 cm aMeridians; v30 0aCorresponsals estrangerszCatalunya 0aTelevisiózCatalunya1 aRamoneda, Josepd1949- aFerrerons, Jordi